5HLuxD.jpg

KING HENRY VIII SENIOR AND PRIMARY SCHOOL LIBRARY OPAC

Adventure Duck vs Power Pug / (Record no. 3485)

000 -LEADER
fixed length control field 01436nam a22002297a 4500
005 - DATE AND TIME OF LATEST TRANSACTION
control field 20240129110646.0
008 - FIXED-LENGTH DATA ELEMENTS--GENERAL INFORMATION
fixed length control field 240129b ||||| |||| 00| 0 eng d
020 ## - INTERNATIONAL STANDARD BOOK NUMBER
International Standard Book Number 9781408356838
040 ## - CATALOGING SOURCE
Transcribing agency KH8
082 ## - DEWEY DECIMAL CLASSIFICATION NUMBER
Classification number 823.92 COL
100 ## - MAIN ENTRY--PERSONAL NAME
Personal name Cole, Stephen,
Dates associated with a name 1971-
Relator term Author
245 ## - TITLE STATEMENT
Title Adventure Duck vs Power Pug /
Statement of responsibility, etc. Stephen Cole
260 ## - PUBLICATION, DISTRIBUTION, ETC.
Place of publication, distribution, etc. London, England,
Name of publisher, distributor, etc. Orchard,
Date of publication, distribution, etc. 2019
300 ## - PHYSICAL DESCRIPTION
Extent 140 pages :
Other physical details illustrations ;
Dimensions 20 cm
440 ## - SERIES STATEMENT/ADDED ENTRY--TITLE
Title Adventure Duck,
Volume/sequential designation bk. 1
520 ## - SUMMARY, ETC.
Summary, etc. There's no ducking out - it's time for this ordinary, wise-quacking duck to become ... A Hero! Adventure Duck didn't ask for greatness. All he wanted was his nest on the duckpond and plenty of soggy bread to eat. But when a meteor gives him superpowers, he knows he must fly into battle and defeat the forces of evil. Every superhero needs a nemesis, and Adventure Duck finds a pint-sized one in Power Pug. This tiny arch-villain is plotting to take over the world with his hypnotic stare and an army of hench-animals. Luckily, Adventure Duck has helpers, too. There's Yoki - a mystical, moustachioed egg - and Neon Zebra, Adventure Duck's karate-kicking sidekick. Can Adventure Duck and his friends stop Power Pug in this egg-ceptionally funny, action-packed adventure?<br/>
650 ## - SUBJECT ADDED ENTRY--TOPICAL TERM
Topical term or geographic name entry element Action and adventure fiction
650 ## - SUBJECT ADDED ENTRY--TOPICAL TERM
Topical term or geographic name entry element Animals
650 ## - SUBJECT ADDED ENTRY--TOPICAL TERM
Topical term or geographic name entry element Animals Juvenile fiction
700 ## - ADDED ENTRY--PERSONAL NAME
Personal name Aleksei Bitskoff
Relator term Illustrator
942 ## - ADDED ENTRY ELEMENTS (KOHA)
Source of classification or shelving scheme
Koha item type Books - Fiction
Holdings
Withdrawn status Lost status Source of classification or shelving scheme Damaged status Not for loan Collection code Permanent Location Current Location Shelving location Date acquired Total Checkouts Full call number Barcode Date last seen Date last checked out Price effective from Koha item type
          Fiction KH8 Primary School Library KH8 Primary School Library Non Fiction 2024-01-29 6 823.92 COL KHPL000004430 2026-01-26 2026-01-12 2024-01-29 Books - Fiction

Powered By KH8 IT Dept